Astronomija. : Učebnik dlja 10-go klassa srednej školy. /
Uložené v:
| Hlavný autor: | |
|---|---|
| Médium: | Kniha |
| Jazyk: | Russian |
| Vydané: |
Moskva :
Gosudarstvennoje učebno-pedagogičeskoje izdateľstvo Min. prosveščenija RSFSR,
1947
|
| Vydanie: | 1. vyd. |
| Témy: | |
| ISBN: |
(viaz.) |
| Fyzický popis: |
183 s. + 2 Príl. |
| Tagy: |
Pridať tag
Žiadne tagy, Buďte prvý kto otaguje tento záznam!
|
Titul je dostupný aj v ... 

MARC
| LEADER | 00000nam a2200000 a 4500 | ||
|---|---|---|---|
| 001 | 000027820 | ||
| 003 | SVKK | ||
| 005 | 19970820000000.0 | ||
| 008 | 970424s1947 ru e ruso | ||
| 020 | |a (viaz.) | ||
| 040 | |a SVKKK |b slo |c SVKKK |e AACR2 | ||
| 041 | 0 | |a rus | |
| 044 | |a ru |c RU | ||
| 080 | |a 52(075.3) |2 1997 | ||
| 100 | 1 | |a Voroncov-Vel`jaminov, B.A. |4 aut | |
| 245 | 1 | 0 | |a Astronomija. : |b Učebnik dlja 10-go klassa srednej školy. / |c B.A. Voroncov-Vel`jaminov |
| 250 | |a 1. vyd. | ||
| 260 | |a Moskva : |b Gosudarstvennoje učebno-pedagogičeskoje izdateľstvo Min. prosveščenija RSFSR, |c 1947 | ||
| 300 | |a 183 s. + |e 2 Príl. | ||
| 653 | 0 | |a astronómia |2 SVKKKPH | |
| 653 | 0 | |a učebnice stredných škôl |2 SVKKKPH | |
| 655 | 7 | |a učebnice |2 SVKKKPH | |
| 910 | |a svkkk | ||
| 974 | |a MI |d 19970519 | ||
| 974 | |a PA |d 19970522 | ||
| 974 | |a MI |d 19970820 | ||
| 998 | |a BK | ||
| 090 | |g SCKHL |k Sklad Pribinova prízemie |a IV.175097 |j 906329 |i 27820-10 |s Prezenčne | ||